000 00789nam a2200229Ia 4500
005 20260430150758.0
008 008 250103s9999 xx 000 0 hin d
037 _aTheses
040 _aCRL
040 _bhin
040 _chin
041 _2hin
041 _ahin
084 _qCRL
100 _aभाटिया, ओशीन, ले.
_9868723
245 0 _aपंजाब प्रांत की काफी गायन शैली: एक विश्लेश्णात्मक अध्ययन
260 _c2022
300 _a315पृ0
700 _aदिल्ली विश्वविद्यालय. संगीत एवं ललित कला संकाय. संगीत विभाग
942 _cTH
999 _c1850729
_d1850729